Online
Catalog

Genesis y desarrollo del problema metodológico en Marx : (Record no. 38149)

MARC details
000 -CABECERA
campo de control de longitud fija 00506nam a2200145 a 4500
001 - NÚMERO DE CONTROL
campo de control 000038659
005 - FECHA Y HORA DE LA ÚLTIMA TRANSACCIÓN
campo de control 20201002031327.0
008 - DATOS DE LONGITUD FIJA--INFORMACIÓN GENERAL
campo de control de longitud fija 130417s1980 dr 000 0 spa d
040 ## - FUENTE DE LA CATALOGACIÓN
Centro catalogador/agencia de origen DO-SdBNP
Lengua de catalogación spa
Centro/agencia transcriptor BNPHU
100 1# - ENTRADA PRINCIPAL--NOMBRE DE PERSONA
Nombre de persona Oviedo, José
9 (RLIN) 2671
245 10 - MENCIÓN DE TÍTULO
Título Genesis y desarrollo del problema metodológico en Marx :
Resto del título (elementos introductorios) /
Mención de responsabilidad, etc. José Oviedo.
260 ## - PUBLICACIÓN, DISTRIBUCIÓN, ETC.
Lugar de publicación, distribución, etc. Santo Domingo :
Nombre del editor, distribuidor, etc. Alfa y Omega,
Fecha de publicación, distribución, etc. 1980.
300 ## - DESCRIPCIÓN FÍSICA
Extensión 117 p. ;
Dimensiones 19 cm.
500 ## - NOTA GENERAL
Nota general Incluye datos biográficos del autor en las solapas
Holdings
Estado de retiro Estado de pérdida No para préstamo Código de colección Localización permanente Ubicación/localización actual Ubicación en estantería Fecha de adquisición Número de inventario Total de préstamos Signatura topográfica completa Código de barras Fecha visto por última vez Precio válido a partir de Tipo de ítem Koha Número de copia Nota pública
    Excluido de préstamo Patrimonio Dominicano Patrimonio Dominicano Patrimonio Dominicano Depósito 17.04.2013 LF1   38659-10 25.06.2020 25.06.2020 Libro y Folleto Colección Patrimonio Dominicano    
    Excluido de préstamo Patrimonio Dominicano Patrimonio Dominicano Patrimonio Dominicano Depósito 30.06.2015 LF1   38659-20 25.06.2020 25.06.2020 Libro y Folleto Colección Patrimonio Dominicano e. 2 Perteneció a la biblioteca personal de Chiqui Vicioso / Fidelio Despradel.

Powered by Koha